000 01048cac a2200253 a 4500
003 CO-PeBPM
005 20251127130547.0
008 231129s1999||||ck a||||||||||||| ||spa||
020 _a8478082816
040 _aCO-PeBPM
_bspa
_cCO-PeBPM
_erda
041 _aspa
082 0 4 _a158.1 F911c
_222
100 1 _aFriedman, Gil
_eautor
245 0 _aCómo llegar a ser totalmente infeliz y desdichado
_c/ Gil Friedman; dibujos de interior Leo W. Chiantelli
250 _aPrimera edición
260 _aBarcelona, España
_b: Sirio
_c, 1999
300 _a2657 páginas
_bilustraciones en blanco y negro
_c21 centimetros
500 _aIncluye índice al final del texto
520 _aTodo cuanto Ud. deseó saber para poder sentirse muy infeliz y desgraciado: esta obra es un manual completo, con sus normas, sus ejercicios, un examen parcial y el examen final.
650 1 4 _aInfeliz
_2LEMB
650 1 4 _aDesdichado
_2LEMB
942 _2ddc
_cBK
999 _c7608
_d7608